00419 2200157 4500245004600000020002200046250001100068100001600079700001800095650001500113005001900128260006300147041001400210084000800224300002900232 aKetika Bumi BerguncangcIwok AbqaryhText a978-602-437-748-9 aCet. 1 aIwok Abqary aArief Firdaus aGempa Bumi a20240902101729 aJakarta TimurbKementerian Pendidikan dan Kebudayaanc2019 aIndonesia a551 a18 hl,18 hlm., 29,7 cm :